IV Bienal de Arquitectura: patrimonio y presente, la recuperación crítica del pasado.

Shranjeno v:
Bibliografske podrobnosti
Format: Knjiga
Jezik:španščina
Izdano: Santiago Museo Nacional de Bellas Artes 1983
Teme:
Oznake: Označite
Brez oznak, prvi označite!

MARC

LEADER 00000nam a2200000 a 4500
001 UCL3544
003 CL-VaPUC
005 20240619100136.0
008 031128e19830000cl 1 spa d
999 |c 383942  |d 383940 
040 |c Pontificia Universidad Católica de Valparaíso 
082 0 4 |a 720 BIE 1983  |2 21 
245 1 0 |a IV Bienal de Arquitectura: patrimonio y presente, la recuperación crítica del pasado. 
260 |a Santiago  |b Museo Nacional de Bellas Artes  |c 1983 
300 |a 143 páginas 
518 |p Bienal de Arquitectura: Patrimonio y Presente la Recuperación Crítica del Pasado, 4, Santiago, agosto de 1983 
546 |a En Español 
583 |a last modification  |c 20190822 03:46:52  |k Rodrigo Vera 
650 0 0 |a Arquitectura  |9 804558 
650 0 0 |a Patrimonio cultural  |9 309364 
650 0 7 |a PATRIMONIO URBANO  |2 CL-VaPUC  |9 520302 
942 |c BK  |2 ddc 
945 |a cmena  |d 20031128 00:00:00 
952 |0 0  |1 0  |2 ddc  |4 0  |6 720_000000000000000_BIE_1983  |7 0  |8 X  |9 506273  |a BIBHIS  |b BIBHIS  |d 2020-01-23  |i 3968804  |o 720 BIE 1983  |p 3968804  |r 2024-01-30  |t 1  |w 2020-01-23  |y BK_X  |k HIS